000 00403nam a2200169Ia 4500
003 LK-CoDNM
008 010623t2011 xxu||||| |||| 00| 1 sin d
040 _aLK-CoDNM
_dLK-CoDNM
_eLK-CoDNM
041 _asin
080 _a82-91
_bKAV
100 _aKavirathna,Srath
245 _aරන් මකරා
246 _aRan Makara
260 _bNimansa
_aS.I.
_c2011
300 _b21, 30 cm
942 _cBK
999 _c131544
_d131544